Identiti Cina Muslim Di Malaysia : (Record no. 4261)
[ view plain ]
| 000 -LEADER | |
|---|---|
| fixed length control field | pam a22 a 4500 |
| 003 - CONTROL NUMBER IDENTIFIER | |
| control field | AKMAL |
| 005 - DATE AND TIME OF LATEST TRANSACTION | |
| control field | 20170526102041.0 |
| 008 - FIXED-LENGTH DATA ELEMENTS--GENERAL INFORMATION | |
| fixed length control field | 170526s2014 my e a001 0 may d |
| 020 ## - INTERNATIONAL STANDARD BOOK NUMBER | |
| International Standard Book Number | 9789674120177 |
| Qualifying information | paperback |
| 082 04 - DEWEY DECIMAL CLASSIFICATION NUMBER | |
| Classification number | 297.574 HEW |
| Edition number | 23 |
| 090 00 - LOCALLY ASSIGNED LC-TYPE CALL NUMBER (OCLC); LOCAL CALL NUMBER (RLIN) | |
| Classification number (OCLC) (R) ; Classification number, CALL (RLIN) (NR) | 297.574 |
| Local cutter number (OCLC) ; Book number/undivided call number, CALL (RLIN) | HEW |
| 100 1# - MAIN ENTRY--PERSONAL NAME | |
| Personal name | Hew, Wai Weng, |
| Relator term | author. |
| 9 (RLIN) | 8328 |
| 245 10 - TITLE STATEMENT | |
| Title | Identiti Cina Muslim Di Malaysia : |
| Remainder of title | Persempadanan Perundingan & Kacukan Budaya / |
| Statement of responsibility, etc. | HEW WAI WENG |
| 264 #1 - PRODUCTION, PUBLICATION, DISTRIBUTION, MANUFACTURE, AND COPYRIGHT NOTICE | |
| Place of production, publication, distribution, manufacture | Bangi, Selangor : |
| Name of producer, publisher, distributor, manufacturer | Penerbit Universiti Kebangsaan Malaysia, |
| Date of production, publication, distribution, manufacture, or copyright notice | 2014 |
| 300 ## - PHYSICAL DESCRIPTION | |
| Extent | 250 pages ; |
| Dimensions | 23 cm |
| 500 ## - GENERAL NOTE | |
| General note | Includes index |
| 504 ## - BIBLIOGRAPHY, ETC. NOTE | |
| Bibliography, etc. note | Bibliography: page [235]-245 |
| 650 10 - SUBJECT ADDED ENTRY--TOPICAL TERM | |
| Topical term or geographic name entry element | Muslims |
| Geographic subdivision | China |
| -- | Malaysia |
| 9 (RLIN) | 8329 |
| 650 20 - SUBJECT ADDED ENTRY--TOPICAL TERM | |
| Topical term or geographic name entry element | Muslim converts |
| 9 (RLIN) | 8330 |
| 942 ## - ADDED ENTRY ELEMENTS (KOHA) | |
| Source of classification or shelving scheme | |
| Koha item type | Book |
| Withdrawn status | Lost status | Source of classification or shelving scheme | Damaged status | Not for loan | Collection code | Home library | Current library | Shelving location | Date acquired | Inventory number | Total Checkouts | Full call number | Barcode | Date last seen | Price effective from | Koha item type |
|---|---|---|---|---|---|---|---|---|---|---|---|---|---|---|---|---|
| NON-FICTION | AKMAL Melaka | AKMAL Melaka | PINJAMAN | 26.05.2017 | 200994 | 297.574 HEW | 201705902 | 26.05.2017 | 26.05.2017 | Book |
